000 00290nam a2200121Ia 4500
008 191201s2013 xx 000 0 und d
100 _aGANGOPADHYAY, Subinoy
245 0 _aEngineering Geology
260 _aN. Delhi
_bOxford
_c2013
300 _a566
650 _aB.Tech(CE)
942 _2ddc
_cBK
999 _c5755
_d5755